Anthropogenic transformation of taiga ecosystems in Europe : environmental, resource and economic implications (Запись № 3105518)

Подробности
000 -МАРКЕР
контрольное поле 01899nam0a2200313 4500
001 - ИДЕНТИФИКАТОР ЗАПИСИ
контрольное поле RU\NLR\b_ik\132743
005 - ИДЕНТИФИКАТОР ВЕРСИИ
контрольное поле 20260405060419.0
010 ## - МЕЖДУНАРОДНЫЙ СТАНДАРТНЫЙ НОМЕР КНИГИ (ISBN)
Номер (ISBN) 5-9274-0156-2
Тираж 200
035 ## - ДРУГИЕ СИСТЕМНЫЕ НОМЕРА
Идентификатор записи (NLR Aleph) 002206083
100 ## - ДАННЫЕ ОБЩЕЙ ОБРАБОТКИ
Данные общей обработки 20050804d2004 |||y0rusy50 ca
101 0# - ЯЗЫК РЕСУРСА
Язык текста, звукозаписи и т.д. английский
102 ## - СТРАНА ПУБЛИКАЦИИ ИЛИ ПРОИЗВОДСТВА
Страна публикации Российская Федерация
105 ## - ПОЛЕ КОДИРОВАННЫХ ДАННЫХ: ТЕКСТОВЫЕ МАТЕРИАЛЫ, МОНОГРАФИЧЕСКИЕ
Кодированные данные о монографическом текстовом документе a |||||||||
200 1# - ЗАГЛАВИЕ И СВЕДЕНИЯ ОБ ОТВЕТСТВЕННОСТИ
Основное заглавие Anthropogenic transformation of taiga ecosystems in Europe : environmental, resource and economic implications
Сведения, относящиеся к заглавию proceedings of International conference, Petrozavodsk, 23-25 November, 2004
Первые сведения об ответственности [ed.: A.D. Volkov, PhD, A.N. Gromtsev, DSc]
210 ## - ПУБЛИКАЦИЯ, РАСПРОСТРАНЕНИЕ И ДР.
Место издания, распространения и т.д. Петрозаводск
Имя издателя, распространителя и т. д. Карельский научный центр РАН
Дата издания, распространения и т.д. cop. 2004
215 ## - ФИЗИЧЕСКАЯ ХАРАКТЕРИСТИКА
Специфическое обозначение материала и объем 215 с.
Другие сведения о физической характеристике ил.
Размеры 20
300 ## - ОБЩИЕ ПРИМЕЧАНИЯ
Текст примечания В надзаг.: Russ. acad. of sciences, Sci. council for forest problems, Forest research inst., Karelian research centre, RAS, Finnish environmental inst., Nordic Council of Ministers
320 ## - ПРИМЕЧАНИЯ О НАЛИЧИИ В ДОКУМЕНТЕ БИБЛИОГРАФИИ / УКАЗАТЕЛЯ
Текст примечания Библиогр. в конце докл.
541 0# - ПЕРЕВОД ЗАГЛАВИЯ, СДЕЛАННЫЙ КАТАЛОГИЗАТОРОМ
Заглавие Антропогенное преобразование экологической системы тайги в Европе: окружающая среда,ресурсы и хозяйственное применение
Язык заглавия русский
606 1# - НАИМЕНОВАНИЕ ТЕМЫ КАК ПРЕДМЕТ
Наименование темы Экологические системы тайги
Формальный подзаголовок Съезды, совещания и т.п.
Тематический подзаголовок Влияние антропических факторов
Географический подзаголовок Европа
Системный номер авторитетной/нормативной записи 2375192
Идентификатор авторитетной/нормативной записи RU\NLR\AUTH\661417470
686 4# - ИНДЕКСЫ ДРУГИХ КЛАССИФИКАЦИЙ
Индекс П342.935(4)я431(0)
686 4# - ИНДЕКСЫ ДРУГИХ КЛАССИФИКАЦИЙ
Индекс П342.5(4)я431(0)
702 #1 - ИМЯ ЛИЦА - ВТОРИЧНАЯ ОТВЕТСТВЕННОСТЬ
Код отношения Редактор
Материалы, к которым относится поле rus
Графика поля Латинская
Начальный элемент ввода Volkov
Часть имени, кроме начального элемента ввода A. D.
Дополнения к именам, кроме дат канд. с.-х. наук, лесоводство
Даты 1933-2007
Расширение инициалов личного имени Aleksandr Dmitrievič
Идентификатор авторитетной/нормативной записи RU\NLR\AUTH\7719738
Системный номер авторитетной/нормативной записи 2809
801 #0 - ИСТОЧНИК ЗАПИСИ
Страна Российская Федерация
Организация NLR
Дата составления 20050804
Правила каталогизации PSBO
942 ## - ДОПОЛНИТЕЛЬНЫЕ ЭЛЕМЕНТЫ ЗАПИСИ (АБИС)
Тип экземпляра АБИС Книга
980 ## - КОЛЛЕКЦИЯ
Название коллекции Национальная библиография
Экземпляры
Тип экземпляра Дата поступления Источник поступления Библиотека постоянного хранения Библиотека текущего хранения Место хранения Шифр хранения Штрих-код Статус экземпляра Публичное примечание
Книга 04.08.2005 Обязательный экземпляр РНБ (Московский) РНБ (Московский) Иностранный книжный фонд Ик 2005-3/1025 1042257   ;